[Event "XLII San Sebastian Open 2019"]
[Site "San Sebastian"]
[Date "2019.04.18"]
[Round "7.10"]
[White "Alfaro Garcia del Cerro, Juan L"]
[Black "Vinal Gutierrez, Pedro"]
[Result "1-0"]
[WhiteElo "2151"]
[BlackElo "2028"]
[Annotator "NA"]
[PlyCount "61"]
[EventDate "2019.04.13"]
[EventType "swiss"]
[EventCountry "ESP"]
[SourceTitle "playchess.com"]
[Source "ChessBase"]
[SourceQuality "1"]
[TimeControl "5400+30"]

1. d4 {[%emt 0:00:00]} d5 {[%emt 0:00:00]} 2. c4 {[%emt 0:00:00]} e6 {[%emt 0:00:00]} 3. Nf3 {[%emt 0:00:00]} c6 {[%emt 0:00:00]} 4. Nc3 {[%emt 0:00:19]} dxc4 {[%emt 0:00:06]} 5. a4 {[%emt 0:00:05]} Bb4 {[%emt 0:00:13]} 6. e4 {[%emt 0:00:04]} b5 {[%emt 0:00:20]} 7. Be2 {[%emt 0:00:06]} Bb7 {[%emt 0:01:46]} 8. O-O {[%emt 0:00:08]} a6 {[%emt 0:00:53]} 9. e5 {[%emt 0:00:06]} Bxc3 {[%emt 0:00:43]} 10. bxc3 {[%emt 0:00:03]} Ne7 {[%emt 0:00:23]} 11. Ng5 {[%emt 0:00:15]} Nd7 {[%emt 0:01:58]} 12. Bh5 {[%emt 0:00:51]} Ng6 {[%emt 0:01:16]} 13. Qf3 {[%emt 0:04:27]} O-O {[%emt 0:03:14]} 14. Qh3 {[%emt 0:01:28]} h6 {[%emt 0:04:26]} 15. Bxg6 {[%emt 0:01:35]} fxg6 {[%emt 0:00:15]} 16. Qxe6+ {[%emt 0:01:05]} Kh8 {[%emt 0:00:10]} 17. Nf7+ {[%emt 0:00:15]} Rxf7 {[%emt 0:00:18]} 18. Qxf7 {[%emt 0:00:05]} Qe8 {[%emt 0:01:08]} 19. Qxe8+ {[%emt 0:01:15]} Rxe8 {[%emt 0:00:07]} 20. f4 {[%emt 0:00:56]} Nb6 {[%emt 0:00:39]} 21. axb5 {[%emt 0:03:02]} cxb5 {[%emt 0:00:18]} 22. f5 {[%emt 0:00:32]} gxf5 {[%emt 0:00:25]} 23. Rxf5 {[%emt 0:00:15]} Kg8 {[%emt 0:00:18]} 24. Ba3 {[%emt 0:07:53]} Nd5 {[%emt 0:00:57]} 25. Raf1 {[%emt 0:05:02]} Nxc3 {[%emt 0:01:02]} 26. Rf8+ {[%emt 0:00:17]} Rxf8 {[%emt 0:00:08]} 27. Rxf8+ {[%emt 0:00:03]} Kh7 {[%emt 0:00:07]} 28. e6 {[%emt 0:00:01]} Ne2+ {[%emt 0:00:42]} 29. Kf2 {[%emt 0:00:24]} Nxd4 {[%emt 0:00:08]} 30. e7 {[%emt 0:00:07]} Bc6 {[%emt 0:00:14]} 31. Rc8 {[%emt 0:00:51]} 1-0

[Event "XLII San Sebastian Open 2019"]
[Site "San Sebastian"]
[Date "2019.04.18"]
[Round "7.11"]
[White "Knudsen, Martin"]
[Black "Cabanas Jimenez, Manuel"]
[Result "1/2-1/2"]
[WhiteElo "2016"]
[BlackElo "2119"]
[Annotator "NA"]
[PlyCount "30"]
[EventDate "2019.04.13"]
[EventType "swiss"]
[EventCountry "ESP"]
[SourceTitle "playchess.com"]
[Source "ChessBase"]
[SourceQuality "1"]
[TimeControl "5400+30"]

1. d4 {[%emt 0:00:00]} Nf6 {[%emt 0:04:52]} 2. c4 {[%emt 0:00:00]} g6 {[%emt 0:00:09]} 3. Nc3 {[%emt 0:00:15]} d5 {[%emt 0:00:05]} 4. cxd5 {[%emt 0:00:43]} Nxd5 {[%emt 0:00:06]} 5. Bd2 {[%emt 0:00:09]} Nb6 {[%emt 0:00:15]} 6. e3 {[%emt 0:00:52]} Bg7 {[%emt 0:00:05]} 7. Nf3 {[%emt 0:00:47]} O-O {[%emt 0:00:07]} 8. Be2 {[%emt 0:01:11]} Be6 {[%emt 0:00:11]} 9. b3 {[%emt 0:01:39]} c6 {[%emt 0:04:24]} 10. O-O {[%emt 0:00:50]} Bg4 {[%emt 0:02:58]} 11. Rc1 {[%emt 0:01:25]} N8d7 {[%emt 0:00:43]} 12. h3 {[%emt 0:04:16]} Bxf3 {[%emt 0:00:22]} 13. Bxf3 {[%emt 0:00:05]} Nf6 {[%emt 0:04:05]} 14. Qe2 {[%emt 0:03:57]} Qd7 {[%emt 0:10:16]} 15. Rfd1 {[%emt 0:02:18]} Rfd8 {[%emt 0:02:53]} 1/2-1/2

[Event "XLII San Sebastian Open 2019"]
[Site "San Sebastian"]
[Date "2019.04.18"]
[Round "7.12"]
[White "Garcia Salamero, Gabriel"]
[Black "Sanchez Merino, Christian"]
[Result "1-0"]
[WhiteElo "2177"]
[BlackElo "1832"]
[Annotator "NA"]
[PlyCount "113"]
[EventDate "2019.04.13"]
[EventType "swiss"]
[EventCountry "ESP"]
[SourceTitle "playchess.com"]
[Source "ChessBase"]
[SourceQuality "1"]
[TimeControl "5400+30"]

1. e4 {[%emt 0:04:55]} e5 {[%emt 0:00:00]} 2. Nf3 {[%emt 0:00:51]} Nc6 {[%emt 0:00:00]} 3. Nc3 {[%emt 0:00:05]} Nf6 {[%emt 0:00:05]} 4. Bb5 {[%emt 0:00:02]} d6 {[%emt 0:02:20]} 5. d4 {[%emt 0:00:17]} exd4 {[%emt 0:01:19]} 6. Nxd4 {[%emt 0:00:25]} Bd7 {[%emt 0:00:57]} 7. O-O {[%emt 0:00:11]} Nxd4 {[%emt 0:01:24]} 8. Qxd4 {[%emt 0:00:03]} Bxb5 {[%emt 0:01:40]} 9. Nxb5 {[%emt 0:00:01]} a6 {[%emt 0:06:13]} 10. Nc3 {[%emt 0:00:06]} Be7 {[%emt 0:01:14]} 11. Bd2 {[%emt 0:03:35]} O-O {[%emt 0:00:43]} 12. Rad1 {[%emt 0:05:48]} Nd7 {[%emt 0:09:46]} 13. Nd5 {[%emt 0:00:36]} Bf6 {[%emt 0:01:57]} 14. Qc4 {[%emt 0:03:49]} Rc8 {[%emt 0:05:40]} 15. f3 {[%emt 0:01:56]} Bxb2 {[%emt 0:04:05]} 16. Qb4 {[%emt 0:00:02]} c6 {[%emt 0:05:55]} 17. Ne3 {[%emt 0:10:12]} Qb6 {[%emt 0:06:48]} 18. Qxb6 {[%emt 0:02:34]} Nxb6 {[%emt 0:00:05]} 19. Nf5 {[%emt 0:00:06]} Bf6 {[%emt 0:08:59]} 20. Nxd6 {[%emt 0:01:00]} Rcd8 {[%emt 0:03:39]} 21. Be3 {[%emt 0:08:29]} Rxd6 {[%emt 0:09:39]} 22. Bxb6 {[%emt 0:22:54]} Rxd1 {[%emt 0:10:28]} 23. Rxd1 {[%emt 0:00:01]} Rb8 {[%emt 0:00:51]} 24. Kf1 {[%emt 0:01:41]} Kf8 {[%emt 0:00:38]} 25. Rb1 {[%emt 0:00:00]} Re8 {[%emt 0:01:34]} 26. Rd1 {[%emt 0:05:48]} Rb8 {[%emt 0:01:01]} 27. Ke2 {[%emt 0:01:19]} g6 {[%emt 0:06:20]} 28. f4 {[%emt 0:01:16]} Re8 {[%emt 0:04:39]} 29. Kf3 {[%emt 0:01:19]} Bc3 {[%emt 0:03:36]} 30. Rd7 {[%emt 0:01:10]} Bb4 {[%emt 0:01:43]} 31. Rxb7 {[%emt 0:01:05]} Re7 {[%emt 0:00:14]} 32. Bc7 {[%emt 0:00:46]} Ke8 {[%emt 0:01:56]} 33. Rb8+ {[%emt 0:06:22]} Kd7 {[%emt 0:00:04]} 34. Be5 {[%emt 0:00:59]} a5 {[%emt 0:00:55]} 35. c3 {[%emt 0:01:25]} Rxe5 {[%emt 0:00:31]} 36. fxe5 {[%emt 0:02:37]} Bxc3 {[%emt 0:00:04]} 37. Rb7+ {[%emt 0:00:24]} Ke6 {[%emt 0:00:07]} 38. Rc7 {[%emt 0:00:15]} Kxe5 {[%emt 0:01:18]} 39. Rxc6 {[%emt 0:00:05]} Bb4 {[%emt 0:00:29]} 40. Rc7 {[%emt 0:00:22]} Kf6 {[%emt 0:00:11]} 41. Ra7 {[%emt 0:00:12]} h6 {[%emt 0:00:31]} 42. g4 {[%emt 0:00:50]} Ke6 {[%emt 0:00:50]} 43. h3 {[%emt 0:01:39]} Kf6 {[%emt 0:00:05]} 44. Rb7 {[%emt 0:01:14]} Ke6 {[%emt 0:00:49]} 45. Ke3 {[%emt 0:00:01]} Kf6 {[%emt 0:00:35]} 46. h4 {[%emt 0:00:44]} Be1 {[%emt 0:00:17]} 47. h5 {[%emt 0:00:30]} gxh5 {[%emt 0:00:30]} 48. gxh5 {[%emt 0:00:10]} Bc3 {[%emt 0:00:37]} 49. Rb5 {[%emt 0:00:17]} Be1 {[%emt 0:00:23]} 50. Rf5+ {[%emt 0:00:36]} Kg7 {[%emt 0:00:10]} 51. Kd4 {[%emt 0:00:11]} Bd2 {[%emt 0:00:44]} 52. Kd5 {[%emt 0:00:28]} Bc3 {[%emt 0:00:46]} 53. Kd6 {[%emt 0:00:09]} f6 {[%emt 0:00:34]} 54. Ke7 {[%emt 0:00:18]} a4 {[%emt 0:00:31]} 55. Rf3 {[%emt 0:01:21]} Bb2 {[%emt 0:00:30]} 56. Rg3+ {[%emt 0:00:10]} Kh7 {[%emt 0:00:13]} 57. Kf7 {[%emt 0:00:02]} 1-0

[Event "XLII San Sebastian Open 2019"]
[Site "San Sebastian"]
[Date "2019.04.19"]
[Round "8.1"]
[White "Vazquez Igarza, Renier"]
[Black "Alonso Arburu, Juan Ignacio"]
[Result "1/2-1/2"]
[WhiteElo "2548"]
[BlackElo "2341"]
[Annotator "TA"]
[PlyCount "108"]
[EventDate "2019.04.13"]
[EventType "swiss"]
[EventCountry "ESP"]
[SourceTitle "playchess.com"]
[Source "ChessBase"]
[SourceQuality "1"]

{[%evp 19,108,14,16,17,15,17,22,32,26,20,18,21,38,38,29,28,44,43,45,44,47,40,43,16,27,12,31,23,31,21,23,16,24,8,8,8,6,0,0,0,0,0,0,-20,27,27,29,0,1,0,20,10,22,0,0,0,14,0,0,0,12,0,0,0,64,64,64,64,64,64,93,93,93,93,93,93,93,93,93,93,93,93,93,89,93,86,109,109,109,89,109]} 1. d4 d5 2. Nf3 Nf6 3. c4 c6 4. Nc3 e6 5. Bg5 h6 6. Bxf6 Qxf6 7. e3 Nd7 8. Bd3 dxc4 9. Bxc4 g6 10. O-O Bg7 11. Re1 {D43: Semi-Slav: 5 Bg5 h6} O-O 12. e4 e5 {[%cal Re5d4]} 13. d5 {The position is equal.} Nb6 14. Bb3 Bg4 (14... Rd8 15. h3 Bf8 16. Qe2 Bd7 17. Red1 {½-½ (78) Grischuk,A (2771)-Sevian,S (2642) Astana 2019}) 15. Re3 Rfd8 16. h3 $146 ({Predecessor:} 16. Qe2 a5 17. h3 {½-½ (35) Kaufman,L (2413)-Klundt,K (2355) Arco 2010}) 16... Bd7 17. Qe2 a5 18. a3 Be8 19. Rd1 Bf8 20. Red3 Bc5 21. R1d2 Kh7 22. g3 Rd7 23. Kg2 Kg7 24. h4 Rad8 25. h5 Qe7 26. hxg6 fxg6 27. dxc6 bxc6 28. Na4 Nxa4 29. Bxa4 Bb6 30. Rxd7 Bxd7 31. Qd1 Bg4 {[#] Strongly threatening ...Rf8.} (31... Qe6 $5 {[%cal Re6h3]} 32. Kf1 Qh3+ 33. Ke1 {[#]} Bd4 $1 {[%mdl 512]} 34. Rxd4 exd4 35. Qxd4+ Kh7 $15) 32. Rxd8 Bxd8 33. Bxc6 Bb6 $132 {[%mdl 2048] Threatens to win with ...Qc5! Black puts up resistance} 34. Qc2 Qf6 35. Nh2 h5 36. Bd5 Bd7 37. Qe2 g5 38. Qf3 Bd4 39. b3 Bc5 40. a4 Bh3+ 41. Kg1 Bg4 (41... Kg6 $11) 42. Qxf6+ $14 Kxf6 43. Nxg4+ hxg4 {[%mdl 4096] Endgame KB-KB} 44. Bc6 Bb4 45. Be8 {White is better.} Bc3 46. Bh5 Bb4 47. Bxg4 Bc3 48. Kg2 Bb4 49. Kf1 Bc3 50. Ke2 Bb4 51. Kd3 Be1 52. f3 Bb4 53. Kc4 Bd2 54. Kd5 Bb4 {Accuracy: White = 61%, Black = 52%.} 1/2-1/2

[Event "XLII San Sebastian Open 2019"]
[Site "San Sebastian"]
[Date "2019.04.19"]
[Round "8.2"]
[White "Pulvett Marin, Daniel Eduardo"]
[Black "Alshameary Puente, Ismael"]
[Result "1/2-1/2"]
[WhiteElo "2468"]
[BlackElo "2425"]
[Annotator "TA"]
[PlyCount "98"]
[EventDate "2019.04.13"]
[EventType "swiss"]
[EventCountry "ESP"]
[SourceTitle "playchess.com"]
[Source "ChessBase"]
[SourceQuality "1"]

{[%evp 9,98,-7,0,-14,-1,-1,7,0,30,31,40,35,35,25,22,29,32,0,43,29,43,43,47,48,45,48,57,25,49,46,45,57,60,51,68,2,60,61,87,77,155,144,250,235,331,318,325,315,285,295,407,432,472,442,503,503,497,490,440,243,240,237,227,228,232,186,294,294,335,276,253,0,264,231,211,168,179,185,161,0,0,0,0,-149,-138,-145,-123,-138,-128,-127,-14]} 1. Nf3 Nf6 2. c4 g6 3. Nc3 d5 4. cxd5 Nxd5 5. d3 (5. Qb3 Nb6 6. d4 Bg7 7. Bf4 O-O 8. Rd1 c6 9. e4 Bg4 10. Be2 Bxf3 11. Bxf3 Bxd4 12. Ne2 c5 13. e5 Nc6 14. e6 f5 15. h4 Qc8 16. Bxc6 Qxc6 17. Nxd4 cxd4 {1-0 (42) Maghsoodloo,P (2666)-Safarli,E (2681) Bandar e Anzali 2019}) 5... Bg7 6. Bd2 {A16: English Opening: 1...Nf6 with ...d5} Nc6 7. g3 O-O 8. Bg2 {The position is equal.} Nb6 9. h4 h6 10. Qc1 Kh7 11. Ne4 Nd5 $146 ({Predecessor:} 11... e5 12. Nc5 Qe7 13. O-O f5 14. e3 Rd8 {½-½ (29) Fuchs,H (2318)-Loeffler,M (2337) Germany 2002}) 12. Qc5 Nf6 13. Nxf6+ Bxf6 14. Ng5+ Kg7 15. Bxc6 bxc6 16. Ne4 Bxb2 17. Rb1 (17. Qxc6 Bd7 $17) 17... Bd4 18. Bc3 Bxc3+ 19. Qxc3+ Kg8 20. Qxc6 Be6 21. Qc1 $36 {[%mdl 2048] White is pushing.} Kh7 22. Rb4 ({White should play} 22. a3 $14) 22... Qd5 (22... Bxa2 $11 23. Ng5+ Kg8) 23. O-O $14 Bh3 {[#]} 24. Re1 $1 f5 (24... Qxa2 $142 25. Qxc7 Rfe8) 25. Qc5 $16 Qf7 (25... Rad8 $16) 26. Nc3 $18 g5 (26... Rab8 {was called for.} 27. Reb1 Rxb4 28. Rxb4 Qf6) 27. Kh2 (27. Qxc7 Rac8 $16) 27... Bg4 28. f3 (28. Qxc7 gxh4 29. Rb7 (29. gxh4 Rac8 $11) 29... hxg3+ 30. fxg3 (30. Kxg3 Rae8 $17) 30... Rae8 $11) 28... Bh5 29. g4 (29. Qxc7 Rac8 $16) 29... Rae8 30. gxh5 Rg8 31. Qe5 e6 32. Rc4 Re7 33. Rg1 Qxh5 34. Rxc7 (34. Nd5 exd5 35. Qxe7+ Rg7 $16) (34. Nb5 $142) 34... Qxh4+ 35. Kg2 Rxc7 36. Qxc7+ {[%mdl 64] [#] Double Attack} Rg7 37. Qd8 {Black must now prevent Qf6.} Qb4 (37... Qf4 {is a better defense.}) 38. Qf6 Qd6 39. Nb5 (39. Rh1 Rg6 $18) 39... Qd5 40. Nc3 ({Less strong is} 40. Rh1 Rg6 $16) 40... Qd6 $1 41. Kf1 ({Much less strong is} 41. Rh1 Rg6 $18) 41... Rg6 42. Qf7+ Rg7 43. Qe8 g4 44. fxg4 $2 (44. Qa4 $18) 44... Qf4+ $11 {[%mdl 64] Double Attack} 45. Ke1 {And now g5 would win.} Qd4 {[%mdl 64] Double Attack} 46. Kd2 (46. Kf1 $1 $11 Qxc3 47. Qxe6 Qc1+ 48. Kf2 Qf4+ {[%mdl 64] Double Attack} 49. Ke1) 46... Qxg1 $17 47. Qxe6 {aiming for Nd5.} Qxg4 48. Nd5 {Hoping for Nf6+.} Qg5+ 49. Kc2 {White wants to play Nf6+.} Qd8 {Accuracy: White = 67%, Black = 51%.} ({Black should try} 49... Rg6 $17 50. Qf7+ Kh8 51. Qe8+ Kh7 52. Qf7+ Kh8) 1/2-1/2

[Event "XLII San Sebastian Open 2019"]
[Site "San Sebastian"]
[Date "2019.04.19"]
[Round "8.3"]
[White "Harutjunyan, Gevorg"]
[Black "Del Rio De Angelis, Salvador G."]
[Result "1-0"]
[WhiteElo "2440"]
[BlackElo "2457"]
[Annotator "TA"]
[PlyCount "171"]
[EventDate "2019.04.13"]
[EventType "swiss"]
[EventCountry "ESP"]
[SourceTitle "playchess.com"]
[Source "ChessBase"]
[SourceQuality "1"]

{[%evp 22,171,26,25,22,20,33,21,42,41,67,0,4,9,5,3,26,0,0,0,0,0,13,-15,-2,-1,2,3,31,0,9,4,20,18,19,23,47,42,42,47,67,47,87,84,88,73,147,144,215,213,207,126,145,48,72,29,55,64,72,83,85,80,119,129,123,63,114,111,97,65,65,65,193,77,77,77,100,77,104,71,71,68,70,63,63,63,101,115,158,149,149,14,5,14,17,0,0,0,0,0,8,0,0,0,0,0,0,0,0,0,0,0,5,0,0,0,60,69,243,243,243,243,239,239,235,227,219,205,188,176,279,254,238,239,240,140,233,0,233,123,202,192,279,260,263,172,662,567,491,491,1644,1504]} 1. e4 e6 2. d4 d5 3. Nc3 Bb4 4. e5 c5 5. a3 Bxc3+ 6. bxc3 Ne7 7. Qg4 O-O 8. Bd3 f5 9. exf6 Rxf6 10. Bg5 Rf7 11. Qh5 g6 12. Qd1 Qa5 {...cxd4 is the strong threat. C18: French: 3 Nc3 Bb4: Main line: 7 h4 and 7 Qg4} 13. Bd2 Nbc6 (13... e5 14. h4 e4 15. Be2 e3 16. Bxe3 Qxc3+ 17. Bd2 Qxd4 18. Nf3 Qf6 19. Bg5 Qc3+ 20. Bd2 Qf6 21. Bg5 Qc3+ 22. Bd2 Qf6 {½-½ (22) Aronian,L (2765)-Riazantsev,A (2649) St Petersburg 2018}) 14. Nf3 c4 {The position is equal.} 15. Be2 Nf5 16. O-O (16. h4 $1 $14) 16... Bd7 $11 17. Ng5 Re7 18. f4 Rf8 19. Bg4 Nd8 20. Qe1 $146 ({Predecessor:} 20. Re1 Ba4 21. Re2 Rfe8 22. Qc1 Nf7 23. Nxf7 Rxf7 24. Re5 Qb5 25. Rb1 Qd7 26. Qb2 Bc6 27. Rbe1 Rf6 {½-½ (27) Oikamo,T (2460)-Sivic,J (2462) ICCF email 2010}) 20... Ba4 21. Ra2 Qc7 22. Bh3 Ree8 23. Rf2 Qg7 24. Re2 Qf6 25. Qb1 Qe7 26. Qb2 Qd7 27. Ra1 Nf7 28. Rae1 {[%cal Rg5e6]} Nxg5 29. fxg5 Ng7 30. g3 Qb5 31. Qc1 Qa6 32. Bf4 Bd7 33. Be5 Rf3 (33... Rf7 $142) 34. Bg2 $16 Rff8 (34... Rf7 $16 35. Bxg7 Kxg7) 35. g4 $18 Re7 36. a4 Ref7 37. Qb2 (37. h4 $1 $16) 37... Ne8 38. Bg3 Ng7 39. Ra1 Qa5 40. Bd6 Rc8 41. Be5 Re8 42. h4 Ref8 43. Kh2 ({White should play} 43. Qb4 $16 Qb6 44. a5 Qxb4 45. cxb4) 43... Bc8 (43... Bc6 $14) 44. Kg3 $16 Ne8 45. Re3 Qd8 46. Qa3 Rf2 {[#]} (46... a5 $14) 47. Rf3 (47. Bf3 $1 $18 {and White stays clearly on top.} Rxc2 48. Rf1) 47... R2xf3+ 48. Bxf3 Rf7 49. a5 Nc7 50. Qc5 a6 51. Bf6 Qf8 52. h5 {Threatens to win with hxg6.} Qxc5 53. dxc5 gxh5 54. gxh5 Ne8 55. Bd4 Ng7 {[#]} 56. Be5 (56. Bg4 $1 $16) 56... Nf5+ $11 57. Kh3 Ne3 58. Bg4 Nxg4 ({Don't play} 58... Nxc2 $6 59. Rb1 $16) 59. Kxg4 {[%mdl 4096] Endgame KRB-KRB} Rf5 60. Re1 Bd7 61. Kh4 Ba4 62. Bd4 Kf7 63. Re2 Rf4+ 64. Kg3 Rf5 65. Kg4 {aiming for c6!} Rf1 66. Rh2 Bd7 {White must now prevent ...e5+.} 67. g6+ Kg8 $1 {Strongly threatening ...e5+.} ({Wrong is} 67... hxg6 $2 68. h6 $18) 68. Kg3 Be8 (68... Rf5 $11) 69. Re2 $14 hxg6 $2 (69... Bd7 $14) 70. Rxe6 $18 {[%mdl 64] Double Attack} Kf7 71. Rxg6 Ke7 72. Rg7+ Rf7 {With the idea ...Rxg7+.} 73. Rg5 Ba4 74. Re5+ Kf8 75. Re2 Kg8 (75... Bd7 $142 76. Re1 Kg8) 76. Kg4 Bd7+ 77. Kg5 Rf3 78. Kh6 (78. Re1 $18) 78... Rf4 (78... Kf7 $16 79. Rg2 Rf5) 79. Kg5 Rf3 $1 80. Re5 ({Better is} 80. Re1 $18) 80... Rg3+ (80... Kf7 $16 81. Rxd5 Rg3+ 82. Kh6 Bc6 83. Rf5+ Ke7) 81. Kh6 Bc6 (81... Kf7 $142 82. Rxd5 Bc6 83. Rf5+ Ke7) 82. Re7 Rg4 83. Bf6 Re4 $2 (83... Rg2 84. Bg5 Rf2 85. Rg7+ Kf8 86. Be7+ Ke8) 84. Rc7 {White is clearly winning.} Rg4 85. Bg5 d4 (85... Re4 $142) 86. Rg7+ {Accuracy: White = 53%, Black = 43%.} 1-0

[Event "XLII San Sebastian Open 2019"]
[Site "San Sebastian"]
[Date "2019.04.19"]
[Round "8.4"]
[White "Safranska, Anda"]
[Black "Cifuentes Parada, Roberto"]
[Result "1/2-1/2"]
[WhiteElo "2167"]
[BlackElo "2445"]
[Annotator "RC"]
[PlyCount "139"]
[EventDate "2019.04.13"]
[EventType "swiss"]
[EventCountry "ESP"]
[SourceTitle "playchess.com"]
[Source "ChessBase"]
[SourceQuality "1"]
[TimeControl "5400+30"]

1. e4 {[%emt 0:00:00]} c5 {[%emt 0:31:07]} 2. Nf3 {[%emt 0:00:37]} Nc6 {[%emt 0:00:24]} 3. g3 {[%emt 0:00:17]} d5 {[%emt 0:00:41]} 4. exd5 {[%emt 0:00:10]} Qxd5 {[%emt 0:00:06]} 5. Bg2 {[%emt 0:00:15]} Qe6+ {[%emt 0:00:12]} 6. Kf1 {[%emt 0:00:19]} Nf6 {[%emt 0:00:37]} 7. Na3 {[%emt 0:00:31]} g6 {[%emt 0:00:23]} 8. d3 {[%emt 0:00:25]} Bg7 {[%emt 0:00:10]} 9. h3 {[%emt 0:04:55]} O-O {[%emt 0:00:22]} 10. Kg1 {[%emt 0:00:26]} Qd7 {[%emt 0:01:44]} 11. Kh2 {[%emt 0:00:20]} Nd5 {[%emt 0:00:39]} 12. Re1 {[%emt 0:01:56]} b6 {[%emt 0:00:30]} 13. Nc4 {[%emt 0:00:22]} Bb7 {[%emt 0:00:23]} 14. Nce5 {[%emt 0:01:29]} Nxe5 {[%emt 0:01:19]} 15. Nxe5 {[%emt 0:00:06]} Qc7 {[%emt 0:01:04]} 16. Qe2 {[%emt 0:00:47]} Rad8 {[%emt 0:01:11]} 17. a3 {[%emt 0:01:35]} e6 {[%emt 0:02:15]} 18. Bd2 {[%emt 0:02:12]} Ne7 {[%emt 0:03:14]} 19. Bxb7 {[%emt 0:00:59]} Qxb7 {[%emt 0:00:07]} 20. Bc3 {[%emt 0:25:08]} Nf5 {[%emt 0:03:01]} 21. Qe4 {[%emt 0:04:10]} Qxe4 {[%emt 0:00:28]} 22. dxe4 {[%emt 0:06:24]} Bxe5 {[%emt 0:06:37]} 23. Bxe5 {[%emt 0:00:09]} Nd4 {[%emt 0:00:04]} 24. Bxd4 {[%emt 0:00:52]} Rxd4 {[%emt 0:00:06]} 25. Rad1 {[%emt 0:03:29]} Rfd8 {[%emt 0:00:07]} 26. Rxd4 {[%emt 0:00:10]} Rxd4 {[%emt 0:00:03]} 27. Kg2 {[%emt 0:00:25]} c4 {[%emt 0:01:24]} 28. Re3 {[%emt 0:02:16]} Kg7 {[%emt 0:01:09]} 29. e5 {[%emt 0:01:02]} g5 {[%emt 0:00:40]} 30. Kf3 {[%emt 0:00:23]} b5 {[%emt 0:00:11]} 31. Ke2 {[%emt 0:08:30]} Kg6 {[%emt 0:00:29]} 32. g4 {[%emt 0:00:06]} h5 {[%emt 0:04:41]} 33. f3 {[%emt 0:00:08]} h4 {[%emt 0:00:18]} 34. b3 {[%emt 0:04:16]} cxb3 {[%emt 0:00:56]} 35. cxb3 {[%emt 0:00:08]} Rd5 {[%emt 0:00:13]} 36. Re4 {[%emt 0:00:16]} a5 {[%emt 0:00:18]} 37. Re3 {[%emt 0:02:21]} Kg7 {[%emt 0:00:27]} 38. Re4 {[%emt 0:00:28]} Kf8 {[%emt 0:00:07]} 39. b4 {[%emt 0:04:54]} axb4 {[%emt 0:00:55]} 40. axb4 {[%emt 0:00:04]} Ke7 {[%emt 0:00:26]} 41. Re3 {[%emt 0:04:15]} Rd7 {[%emt 0:02:27]} 42. Rd3 {[%emt 0:02:40]} Ra7 {[%emt 0:00:08]} 43. Ke3 {[%emt 0:05:58]} Ra4 {[%emt 0:01:17]} 44. Rb3 {[%emt 0:01:41]} Ra1 {[%emt 0:00:38]} 45. Kd4 {[%emt 0:02:37]} Rh1 {[%emt 0:00:57]} 46. f4 {[%emt 0:03:39]} gxf4 {[%emt 0:02:52]} 47. Rf3 {[%emt 0:01:40]} Rd1+ {[%emt 0:00:43]} 48. Ke4 {[%emt 0:00:17]} Rb1 {[%emt 0:00:12]} 49. Kxf4 {[%emt 0:00:38]} Rxb4+ {[%emt 0:01:23]} 50. Kg5 {[%emt 0:00:10]} Re4 {[%emt 0:00:01]} 51. Kxh4 {[%emt 0:00:10]} Rxe5 {[%emt 0:00:04]} 52. g5 {[%emt 0:01:47]} b4 {[%emt 0:00:29]} 53. Rb3 {[%emt 0:04:42]} Re4+ {[%emt 0:03:23]} 54. Kh5 {[%emt 0:00:10]} Kf8 {[%emt 0:00:15]} 55. h4 {[%emt 0:01:36]} Kg7 {[%emt 0:00:34]} 56. Rb1 {[%emt 0:00:04]} Rd4 {[%emt 0:01:07]} 57. Rb2 {[%emt 0:00:09]} Rf4 {[%emt 0:01:26]} 58. Rb1 {[%emt 0:00:06]} f6 {[%emt 0:01:47]} 59. Rb2 {[%emt 0:00:53]} Rc4 {[%emt 0:02:41]} 60. Rb1 {[%emt 0:00:18]} fxg5 {[%emt 0:05:12]} 61. hxg5 {[%emt 0:00:05]} e5 {[%emt 0:00:53]} 62. Rb2 {[%emt 0:00:05]} Rf4 {[%emt 0:00:56]} 63. Re2 {[%emt 0:03:32]} e4 {[%emt 0:00:44]} 64. Re3 {[%emt 0:00:08]} Rf7 {[%emt 0:03:19]} 65. Rxe4 {[%emt 0:00:06]} Rb7 {[%emt 0:00:02]} 66. Re2 {[%emt 0:00:23]} b3 {[%emt 0:00:06]} 67. Rb2 {[%emt 0:00:03]} Rb4 {[%emt 0:00:12]} 68. g6 {[%emt 0:00:15]} Kf6 {[%emt 0:01:06]} 69. g7 {[%emt 0:00:11]} Kxg7 {[%emt 0:00:20]} 70. Kg5 {[%emt 0:00:03]} 1/2-1/2